Normal view
MARC view
- Newth G.S
Entry Personal Name
001 - CONTROL NUMBER
- control field: 49873
003 - CONTROL NUMBER IDENTIFIER
- control field: NUST
005 - DATE AND TIME OF LATEST TRANSACTION
- control field: 20210314134448.0
008 - FIXED-LENGTH DATA ELEMENTS
- fixed length control field: 210314|| aca||aabn | a|a d
040 ## - CATALOGING SOURCE
- Original cataloging agency: NUST
- Transcribing agency: NUST
100 ## - HEADING--PERSONAL NAME
- Personal name: Newth G.S
670 ## - SOURCE DATA FOUND
- Source citation: Work cat.: (NUST): Newth G.S, A text book of inorganic chemistry , 1909
